| 000 | 00859nam a2200229 a 4500 | ||
|---|---|---|---|
| 001 | 000005756 | ||
| 005 | 20200929151754.0 | ||
| 008 | 811223s1976 uy b f001 0 spa | ||
| 040 |
_aDO-SdBNP _cspa _dBNPHU |
||
| 082 |
_a989.504 _bA675c |
||
| 100 | 1 |
_aArcos Ferrand, Luis, _d1891-1938. _916293 |
|
| 245 | 1 | 3 |
_aLa Cruzada de los Treinta y Tres / _cLuis Arcos Ferrand ; prólogo, Elisa Silva Cazet. |
| 260 |
_aMontevideo, Uruguay : _bMinisterio de Educación y Cultura, _c1976. |
||
| 300 |
_alii, 265 p. ; _c20 cm. |
||
| 490 | 1 | _aBiblioteca Artigas | |
| 490 | 1 |
_aClásicos uruguayos _vvol. 151 |
|
| 504 | _aIncluye referencias bibliográficas. | ||
| 651 | 4 |
_aUruguay _xHistoria _xIndependencia, _y1810-1828. _916294 |
|
| 700 | 1 |
_aSilva Cazet, Elisa, _epról. _916295 |
|
| 830 | 0 |
_aBiblioteca Artigas. _pclásicos uruguayos ; _vvol. 151. _916286 |
|
| 910 | _aOriginal | ||
| 999 |
_c5552 _d5552 |
||